=LDR 00000nam 2200000 4500 =001 INLIS000000000039221 =005 20130612144849 =008 ***********************************ind** =035 ##$$0010-061300000039221 =041 ##$$a ind =082 ##$$a 646.72 =090 ##$$a 646.72, wah s =100 ##$$a Wahyuningsih, Astri Lestari =245 ##$$a 107 Tips Praktis Cantik dan Sehat dengan Herbal =650 ##$$a Tips dan Trik =850 ##$$a NBPNMAT =990 ##$$a 21601689/BPAP-NTB/2017